[Event "Turkish Super League 2019"]
[Site "Konya"]
[Date "2019.07.21"]
[Round "5"]
[White "Kitir, Ahmet"]
[Black "Apaydin, Fethi"]
[Result "1/2-1/2"]
[WhiteElo "2012"]
[BlackElo "2310"]
[Annotator "NA"]
[PlyCount "161"]
[EventDate "2019.07.17"]
[EventType "team-tourn"]
[EventCountry "TUR"]
[SourceTitle "playchess.com"]
[Source "ChessBase"]
[SourceQuality "1"]
[TimeControl "40/5400+30:1800+30"]

1. e4 c5 2. Nf3 d6 3. b3 Nf6 4. e5 dxe5 5. Nxe5 Qd4 6. Bb5+ Nbd7 7. Bb2 Qe4+ 8. Kf1 a6 9. Bd3 Qh4 10. Qf3 Nxe5 11. Bxe5 {[%emt 0:07:30]} Qg4 {[%emt 0:57:30]} 12. Be2 {[%emt 0:28:30]} Qf5 {[%emt 0:20:51]} 13. Qxf5 {[%emt 0:06:30]} Bxf5 {[%emt 0:00:30]} 14. d3 {[%emt 0:00:30]} O-O-O {[%emt 0:01:52]} 15. Nd2 {[%emt 0:05:30]} Nd7 {[%emt 0:00:09]} 16. Bc3 {[%emt 0:08:30]} e6 {[%emt 0:04:54]} 17. a4 {[%emt 0:11:30]} f6 {[%emt 0:03:34]} 18. Nc4 {[%emt 0:00:30]} Kc7 {[%emt 0:00:50]} 19. Bf3 {[%emt 0:00:30]} b6 {[%emt 0:00:37]} 20. Re1 {[%emt 0:06:30]} h5 {[%emt 0:01:49]} 21. Be4 {[%emt 0:03:30]} Bxe4 {[%emt 0:00:05]} 22. Rxe4 {[%emt 0:00:30]} e5 {[%emt 0:01:36]} 23. f4 {[%emt 0:02:59]} exf4 {[%emt 0:00:59]} 24. Re6 {[%emt 0:00:09]} h4 {[%emt 0:01:08]} 25. h3 {[%emt 0:01:59]} Rh5 {[%emt 0:01:01]} 26. Kf2 {[%emt 0:00:36]} Rd5 {[%emt 0:01:13]} 27. Rhe1 {[%emt 0:02:03]} Bd6 {[%emt 0:01:15]} 28. Bd2 {[%emt 0:03:51]} Nf8 {[%emt 0:03:26]} 29. Re8 {[%emt 0:05:05]} Rxe8 {[%emt 0:00:46]} 30. Rxe8 {[%emt 0:00:02]} Nd7 {[%emt 0:00:12]} 31. Nxd6 {[%emt 0:00:25]} Kxd6 {[%emt 0:00:41]} 32. Bxf4+ {[%emt 0:00:30]} Ne5 {[%emt 0:00:00]} 33. a5 {[%emt 0:01:37]} bxa5 {[%emt 0:00:54]} 34. Ra8 {[%emt 0:00:03]} Kc6 {[%emt 0:00:51]} 35. Rxa6+ {[%emt 0:00:10]} Kb5 {[%emt 0:00:00]} 36. Ra7 {[%emt 0:00:37]} Rd7 {[%emt 0:00:26]} 37. Ra8 {[%emt 0:00:19]} Nc6 {[%emt 0:00:21]} 38. Bd2 {[%emt 0:00:36]} Kb6 {[%emt 0:00:55]} 39. Rh8 {[%emt 0:00:47]} Nd4 {[%emt 0:00:26]} 40. Rb8+ {[%emt 0:05:10]} Kc6 {[%emt 0:00:00]} 41. Rc8+ {[%emt 0:03:32]} Kb6 {[%emt 0:13:00]} 42. Rb8+ {[%emt 0:05:30]} Ka7 {[%emt 0:02:48]} 43. Rc8 {[%emt 0:03:30]} Rd5 {[%emt 0:00:05]} 44. Rc7+ {[%emt 0:11:48]} Kb6 {[%emt 0:01:28]} 45. Rxg7 {[%emt 0:00:10]} Nxc2 {[%emt 0:04:02]} 46. Bc3 {[%emt 0:04:43]} Rxd3 {[%emt 0:02:14]} 47. Bxf6 {[%emt 0:00:03]} Rxb3 {[%emt 0:07:01]} 48. Bxh4 {[%emt 0:01:01]} a4 {[%emt 0:00:47]} 49. Bd8+ {[%emt 0:00:37]} Kc6 {[%emt 0:00:13]} 50. Ra7 {[%emt 0:01:35]} a3 {[%emt 0:00:01]} 51. h4 {[%emt 0:00:16]} Nd4 {[%emt 0:02:02]} 52. Bf6 {[%emt 0:01:14]} Nb5 {[%emt 0:01:34]} 53. Ra8 {[%emt 0:03:08]} Kb7 {[%emt 0:01:37]} 54. Ra5 {[%emt 0:00:42]} Nd6 {[%emt 0:00:38]} 55. Be5 {[%emt 0:02:02]} Ne4+ {[%emt 0:00:17]} 56. Ke2 {[%emt 0:00:50]} Kc6 {[%emt 0:00:02]} 57. g4 {[%emt 0:00:06]} Kd5 {[%emt 0:00:15]} 58. Bg7 {[%emt 0:00:34]} Ng3+ {[%emt 0:01:08]} 59. Kd2 {[%emt 0:00:24]} Rb4 {[%emt 0:00:49]} 60. Rxa3 {[%emt 0:01:11]} Rxg4 {[%emt 0:00:10]} 61. Bf8 {[%emt 0:00:04]} Ne4+ {[%emt 0:00:41]} 62. Ke2 {[%emt 0:00:51]} c4 {[%emt 0:00:14]} 63. h5 {[%emt 0:00:09]} Kd4 {[%emt 0:00:38]} 64. h6 {[%emt 0:00:14]} Rg2+ {[%emt 0:00:29]} 65. Ke1 {[%emt 0:00:43]} c3 {[%emt 0:00:41]} 66. h7 {[%emt 0:00:34]} Rg1+ {[%emt 0:00:27]} 67. Ke2 {[%emt 0:00:02]} Ng3+ {[%emt 0:00:33]} 68. Kf2 {[%emt 0:00:49]} Rf1+ {[%emt 0:00:02]} 69. Kxg3 {[%emt 0:00:24]} Rxf8 {[%emt 0:00:02]} 70. Ra7 {[%emt 0:00:22]} c2 {[%emt 0:01:37]} 71. Rc7 {[%emt 0:01:06]} Kd3 {[%emt 0:00:09]} 72. Rd7+ {[%emt 0:00:00]} Ke2 {[%emt 0:00:30]} 73. Re7+ {[%emt 0:00:00]} Kd1 {[%emt 0:00:16]} 74. Rd7+ {[%emt 0:00:28]} Kc1 {[%emt 0:00:00]} 75. Kg4 {[%emt 0:01:05]} Rb8 {[%emt 0:00:18]} 76. Kg5 {[%emt 0:00:05]} Kb1 {[%emt 0:00:28]} 77. Rc7 {[%emt 0:00:23]} Rh8 {[%emt 0:00:54]} 78. Kg6 {[%emt 0:00:17]} c1=Q {[%emt 0:00:10]} 79. Rxc1+ {[%emt 0:00:08]} Kxc1 {[%emt 0:00:00]} 80. Kg7 {[%emt 0:00:31]} Rxh7+ {[%emt 0:00:19]} 81. Kxh7 {[%emt 0:00:30]} 1/2-1/2

[Event "Turkish Super League 2019"]
[Site "Konya"]
[Date "2019.07.21"]
[Round "6"]
[White "Firouzja, Alireza"]
[Black "Yilmaz, Mustafa"]
[Result "1-0"]
[WhiteElo "2685"]
[BlackElo "2618"]
[Annotator "TA"]
[PlyCount "75"]
[EventDate "2019.07.17"]
[EventType "team-tourn"]
[EventCountry "TUR"]
[SourceTitle "playchess.com"]
[Source "ChessBase"]
[SourceQuality "1"]

{[%evp 20,75,0,0,3,-1,0,0,0,-6,0,0,0,0,0,0,44,38,39,50,45,40,154,153,153,145,142,141,151,141,162,160,150,162,311,318,309,180,316,322,312,312,309,179,179,177,172,149,195,177,933,893,863,787,1021,859,603,521]} 1. e4 c5 2. Nf3 d6 3. d4 cxd4 4. Nxd4 Nf6 5. Nc3 a6 6. f4 e5 7. Nf3 Nbd7 8. a4 Be7 9. Bc4 Qa5 10. Qe2 O-O 11. O-O b5 {B93: Sicilian Najdorf: 6 f4} (11... exf4 12. Kh1 Ne5 13. Bb3 Ng6 14. Bd2 Qh5 15. Rae1 Bd7 16. Nd4 Qc5 17. Nf5 Bxf5 18. exf5 Qxf5 19. Bxf4 Nxf4 20. Qxe7 {1-0 (36) Hjartarson,J (2541)-Ziska,H (2551) Runavik 2016}) 12. Nd5 Nxd5 13. Bxd5 Rb8 $146 {The position is equal.} ({Predecessor:} 13... Bb7 14. b4 Qc7 15. axb5 Bxd5 16. exd5 axb5 17. Rxa8 Rxa8 18. Qxb5 Qb6+ 19. Qxb6 Nxb6 20. fxe5 Nxd5 21. exd6 Bxd6 {½-½ (41) Neulinger,M (2220)-Freitag,M (2245) Austria 1993}) 14. Be3 bxa4 15. fxe5 dxe5 16. b3 $36 {[%mdl 2048] White has good play.} a3 17. Ng5 Bxg5 18. Bxg5 {And now Be7 would win.} Bb7 19. Be7 Bxd5 20. Bxf8 Qb6+ ({Black should play} 20... Bxb3 $14 21. Bxa3 (21. Rxa3 Qb6+ 22. Kh1 Be6 $16) 21... Be6) 21. Kh1 $16 Bb7 22. Bxa3 Nf6 23. Bb2 Nxe4 24. Ra4 Qg6 25. Rb4 $1 ({Don't take} 25. Bxe5 $6 Re8 $14) 25... Qc6 26. Rc4 Qd5 (26... Qg6 {was necessary.} 27. Rc7 (27. Bxe5 Re8 $16) 27... Bd5) 27. Rc7 $18 f6 {[#]} 28. c4 (28. Qg4 $142 $1 {[%csl Gc7][%cal Rg4g7]} g6 29. h3) 28... Qd6 {[#]} (28... Qd2 $142 29. Qxd2 Nxd2) 29. Rxb7 $1 {[%mdl 576] Remove Defender} Rxb7 30. Qxe4 Rxb3 31. Qc2 (31. c5 $142 Qd3 32. Qxd3 Rxd3 33. Rc1 (33. c6 Rd8 $16)) 31... Qd3 32. Qxd3 Rxd3 {[%mdl 4096] Endgame KRB-KR} 33. c5 Rd2 {[#]} 34. Ba3 $1 {c6 is the strong threat.} Rd3 $2 (34... Rc2 35. Rc1 Rxc1+ 36. Bxc1 Kf7) 35. c6 {White is clearly winning.} Rd8 36. c7 Rc8 37. Bd6 Kf7 38. Bxe5 {Accuracy: White = 78%, Black = 44%.} 1-0

[Event "Turkish Super League 2019"]
[Site "Konya"]
[Date "2019.07.21"]
[Round "6"]
[White "Ivanchuk, Vassily"]
[Black "Tomashevsky, Evgeny"]
[Result "1-0"]
[WhiteElo "2684"]
[BlackElo "2702"]
[Annotator "TA"]
[PlyCount "115"]
[EventDate "2019.07.17"]
[EventType "team-tourn"]
[EventCountry "TUR"]
[SourceTitle "playchess.com"]
[Source "ChessBase"]
[SourceQuality "1"]

{[%evp 12,115,12,14,3,10,18,0,0,-11,-8,-31,9,0,12,12,10,8,16,20,16,0,0,0,0,-19,-21,0,0,0,0,0,6,0,49,0,0,0,0,-35,33,30,47,38,54,38,51,54,62,8,46,0,0,0,0,0,0,-14,0,0,0,-7,0,-22,0,0,61,56,55,45,64,58,63,68,84,84,98,78,160,175,173,177,166,171,233,220,348,212,316,353,398,401,468,437,445,455,440,435,413,408,516,505,612,624,673,559]} 1. d4 Nf6 2. c4 e6 3. Nc3 Bb4 4. Qc2 O-O 5. a3 Bxc3+ 6. Qxc3 d5 7. Bg5 dxc4 {E36: Nimzo-Indian: Classical: 4...d5 5 a3} 8. Qxc4 b6 9. Rc1 c5 $146 {The position is equal.} ({Predecessor:} 9... Ba6 10. Qa4 Qd7 11. Qxd7 Nbxd7 12. Bxf6 Nxf6 13. e3 Bxf1 14. Kxf1 c5 15. dxc5 bxc5 {½-½ (38) Grachev,B (2654)-Andreikin,D (2708) Sochi 2017}) 10. dxc5 bxc5 11. f3 Nbd7 (11... h6 $5 {[%cal Rh6g5]} 12. Bd2 Nbd7 $11) 12. e4 a5 13. Nh3 Ba6 14. Qc3 Bxf1 15. Rxf1 h6 16. Be3 Rb8 17. Rf2 a4 18. Rfc2 Rb3 19. Qd2 Qb8 20. Bf4 Qb6 21. Nf2 Rd8 $132 {[%mdl 2048] Black is not keeping still} 22. Qd6 Qb5 ({Don't blunder} 22... Rxb2 $2 23. Qxb6 Rxb6 24. Bc7 $18) 23. Nd1 (23. Rxc5 $5 Nxc5 24. Qxd8+ Kh7 25. Qd2 $14) 23... Rc8 24. Nc3 Qb7 25. Qd2 Qc6 (25... c4 $15) 26. Rd1 Nb6 27. Qe2 Qb7 28. Rcd2 Nfd7 29. Bd6 Qc6 30. h4 (30. Kf1 $14) 30... e5 31. g3 Re8 32. Kf2 Re6 33. Qa6 Re8 34. Kg2 Ra8 35. Qe2 Re8 36. Kh2 Re6 37. Kg2 Re8 38. Na2 Re6 ({Black should try} 38... Nc8 $11) 39. Nc1 $1 $14 {[%cal Rc1b3]} Rb5 40. Bc7 Nf6 41. Na2 Nbd7 42. Nc3 Rb7 43. Bd8 Nh5 {[#] Strongly threatening ...Rg6.} 44. Nd5 Nf8 ({Black should play} 44... Ndf6) 45. f4 $16 g6 {Threatening ...exf4.} 46. f5 Re8 47. Ba5 Nh7 {[#]} (47... Rd7 $142 48. Rf1 Nh7) 48. Nc3 $1 $18 {Hoping for Rd6.} Qf6 (48... Kg7 $142 49. Rd6 Qc8 50. Nxa4 N7f6) 49. Nxa4 Ra7 (49... Qc6 $142) 50. Bd8 ({Stronger than} 50. Nxc5 Rxa5 51. Rd6 Rxc5 $11) 50... Qg7 51. Nxc5 Kh8 52. Qf3 Rg8 53. Rd3 Ra8 54. f6 N7xf6 55. b4 Nh7 56. Rd7 {White is clearly winning.} Rf8 57. Bc7 Rae8 58. Bd6 {Accuracy: White = 64%, Black = 43%.} 1-0

[Event "Turkish Super League 2019"]
[Site "Konya"]
[Date "2019.07.21"]
[Round "6"]
[White "Demchenko, Anton"]
[Black "Inarkiev, Ernesto"]
[Result "1/2-1/2"]
[WhiteElo "2665"]
[BlackElo "2693"]
[Annotator "TA"]
[PlyCount "82"]
[EventDate "2019.07.17"]
[EventType "team-tourn"]
[EventCountry "TUR"]
[SourceTitle "playchess.com"]
[Source "ChessBase"]
[SourceQuality "1"]

{[%evp 15,82,22,13,15,22,24,22,30,15,17,30,35,37,32,42,40,69,61,68,79,92,56,58,51,97,91,147,58,155,144,200,78,75,83,120,125,120,109,101,111,101,105,164,0,0,0,0,0,0,0,0,0,0,0,0,0,0,0,0,0,0,0,0,0,0,0,0,0,0]} 1. d4 Nf6 2. Nf3 d5 3. Bf4 e6 4. e3 Bd6 5. Nbd2 O-O 6. Bd3 c5 7. dxc5 Bxc5 8. O-O Nc6 9. c4 {D02: 1 d4 d5 2 Nf3 sidelines, including 2...Nf6 3 g3 and 2...Nf6 3 Bf4} h6 (9... b6 10. a3 Bb7 11. Qe2 h6 12. cxd5 Nxd5 13. Bg3 Bd6 14. Rfd1 Rc8 15. Nc4 Bxg3 16. hxg3 b5 17. Ncd2 a6 18. Rac1 Qb6 19. e4 Nde7 20. Nb3 Rfd8 21. e5 Na5 {½-½ (21) Skoberne,J (2582)-Cornette,M (2587) chess.com INT 2019}) 10. Rc1 Qe7 $146 ({Predecessor:} 10... Bd6 11. Bxd6 Qxd6 12. cxd5 Nxd5 13. Nc4 Qe7 14. Qb3 Rb8 15. Be4 Bd7 16. Rfd1 Nf6 {1-0 (62) Hoang,T (2466)-Skripchenko,A (2438) Heraklio 2007}) 11. Bg3 Rd8 12. Qe2 Bd7 13. a3 a5 14. Rfd1 a4 15. Bh4 b6 16. h3 Rac8 17. cxd5 exd5 18. Ba6 Ra8 19. Bb5 d4 {[%cal Rd4e3]} 20. Bxf6 gxf6 ({Better is} 20... Qxf6 21. Ne4 Qe7) 21. e4 (21. Nf1 $1 $16) 21... f5 {[#]} ({Black should try} 21... Ne5 $14) 22. Re1 $1 $16 Re8 (22... d3 $16 {was necessary.} 23. Bxd3 (23. Qxd3 Ne5 $11) 23... Nd4 24. Nxd4 Bxd4) 23. Bd3 (23. Qd1 $18) 23... Qf6 24. Qf1 Rad8 {[#]} 25. exf5 $1 Bxf5 26. Bxf5 Qxf5 27. Rxe8+ Rxe8 28. Qb5 Re6 29. b4 $2 ({White must play} 29. Qxa4 $18 {Strongly threatening b4.} d3 30. b4) 29... axb3 $1 $11 {The position is equal.} 30. Nxb3 Ne5 31. Nfxd4 Nf3+ $1 32. gxf3 Qxh3 {[%cal Re6g6]} 33. Nxe6 Qg3+ $1 {[%mdl 64] Double Attack} 34. Kh1 {White threatens Qe8+ and mate.} Qh3+ 35. Kg1 {White wants to mate with Qe8+.} Qg3+ $1 {[%mdl 64] Double Attack} 36. Kh1 {Threatening mate with Qe8+.} Qxf3+ 37. Kh2 Qxf2+ 38. Kh1 Qh4+ 39. Kg2 {Qe8+ would kill now.} Qf2+ $1 40. Kh1 Qf3+ 41. Kh2 Qf2+ $1 {Accuracy: White = 62%, Black = 46%.} 1/2-1/2

[Event "Turkish Super League 2019"]
[Site "Konya"]
[Date "2019.07.21"]
[Round "6"]
[White "Alekseenko, Kirill"]
[Black "Kuzubov, Yuriy"]
[Result "1-0"]
[WhiteElo "2650"]
[BlackElo "2671"]
[Annotator "TA"]
[PlyCount "83"]
[EventDate "2019.07.17"]
[EventType "team-tourn"]
[EventCountry "TUR"]
[SourceTitle "playchess.com"]
[Source "ChessBase"]
[SourceQuality "1"]

{[%evp 20,83,21,16,33,29,25,26,29,25,26,28,29,27,29,37,29,18,13,18,60,72,64,88,63,70,71,0,81,57,94,83,101,95,103,106,106,91,133,116,254,255,252,199,405,392,375,386,429,457,449,435,437,431,427,421,499,503,488,484,500,500,877,852,1251,1130]} 1. e4 c5 2. Nf3 Nc6 3. d4 cxd4 4. Nxd4 Nf6 5. Nc3 e5 6. Ndb5 d6 7. Nd5 Nxd5 8. exd5 Ne7 9. c4 Ng6 10. Qa4 Bd7 11. Qb4 Bf5 {B33: Sicilian: Pelikan and Sveshnikov Variations} 12. h4 h5 13. Bg5 Qb8 {White has an edge.} 14. Be2 a6 {[#] White must now prevent ...f6.} 15. Nc3 Qc7 16. g3 Be7 17. Be3 {[#]} Nf8 $146 ({Predecessor:} 17... e4 18. O-O O-O 19. Bxh5 {0-1 (39) Karjakin,S (2753)-Carlsen,M (2845) Shamkir 2019}) 18. a4 Nd7 19. a5 $36 {[%mdl 2048] Black is under pressure.} O-O 20. Bxh5 Bd3 21. Be2 Bxe2 22. Kxe2 f5 23. f3 (23. h5 $16) 23... Nf6 (23... Bf6 $11) 24. Kd2 Rac8 25. b3 Nh5 26. Rag1 Bd8 27. Kc2 Qd7 28. Rh2 Rf7 29. Bg5 f4 (29... Nf6 $16 30. Re2 e4) 30. gxf4 $18 exf4 31. Ne4 Ng3 $2 (31... Bc7 32. Qxb7 Ng3) 32. Qxd6 Qf5 33. Qe6 ({Not} 33. Bxd8 Nxe4 34. Qe6 (34. fxe4 Qxe4+ 35. Kc3 Qe3+ {[%mdl 64] Double Attack} 36. Kb4 Qxg1 $17) 34... Ng3+ 35. Qxf5 Rxf5 $18) 33... Bxg5 34. hxg5 {[#] Threatens to win with g6.White is clearly winning.} Qxe6 35. dxe6 Re7 36. Nxg3 fxg3 {[%mdl 4096] Endgame KRR-KRR} 37. Re2 Rc5 38. Rxg3 Rxa5 {If only Black now had time for ...Ra2+....} 39. Kc3 Rf5 40. Re4 Kh7 (40... Rf8 $142 41. f4 Rfe8) 41. g6+ Kh6 42. Kd4 {Accuracy: White = 79%, Black = 52%.} 1-0

[Event "Turkish Super League 2019"]
[Site "Konya"]
[Date "2019.07.21"]
[Round "6"]
[White "Mamedov, Rauf"]
[Black "Saric, Ivan"]
[Result "1/2-1/2"]
[WhiteElo "2650"]
[BlackElo "2681"]
[Annotator "TA"]
[PlyCount "143"]
[EventDate "2019.07.17"]
[EventType "team-tourn"]
[EventCountry "TUR"]
[SourceTitle "playchess.com"]
[Source "ChessBase"]
[SourceQuality "1"]

{[%evp 9,143,9,21,0,16,14,11,-8,-8,-14,23,38,35,0,0,0,0,0,0,0,0,0,0,0,0,0,0,-11,0,-8,0,0,0,0,0,0,0,0,0,0,0,0,3,0,0,0,0,0,9,9,11,1,6,3,13,2,45,43,47,54,48,14,18,8,66,54,64,64,69,69,62,64,59,35,87,52,119,129,115,104,123,137,150,139,132,152,136,98,117,116,121,117,111,110,129,114,86,86,92,75,75,75,77,77,86,70,70,71,68,70,66,59,77,78,78,75,73,0,72,35,55,20,30,0,0,0,24,17,28,35,34,0,17,0,32,0]} 1. e4 e5 2. Bc4 Nf6 3. d3 Bc5 4. Nf3 d6 5. c3 Bb6 6. Nbd2 {C24: Bishop's Opening: 2...Nf6} O-O 7. Bb3 c6 8. Nf1 $146 {The position is equal.} ({Predecessor:} 8. O-O Nbd7 9. h3 d5 10. Re1 Re8 11. Bc2 Bc7 12. Nf1 Nf8 13. Ng3 {0-1 (54) Adams,M (2738)-Nielsen,P (2652) playchess.com INT 2004}) 8... d5 9. exd5 Ng4 10. Ne3 cxd5 11. O-O (11. Nxd5 {is interesting.} Bxf2+ 12. Kf1 Bh4 13. g3 Be7 14. Kg2) 11... Nxe3 12. Bxe3 Bxe3 13. fxe3 Nc6 14. Qe1 Be6 15. Qg3 f6 16. d4 {[%cal Rd4e5]} e4 17. Nd2 {With the idea Nxe4!} Na5 18. Bd1 Rc8 19. Be2 f5 (19... Nc6 {is more complex.} 20. a4 b6 21. Bb5 Rf7 22. Rf2 Na5) 20. Nb3 Rf6 21. Nxa5 Qxa5 22. Bd1 Qc7 23. Qe5 Qd7 24. a4 a5 25. Be2 Qf7 26. Rac1 Qc7 27. Qxc7 Rxc7 28. b3 g5 29. c4 Kg7 30. g3 Kg6 31. h4 h6 32. Kf2 Bf7 33. c5 Be8 34. Rh1 Kg7 35. hxg5 hxg5 36. Bb5 Bg6 (36... Rc8 $11) 37. Ke2 $14 Rc8 38. Kd2 f4 39. gxf4 gxf4 40. exf4 Rxf4 41. Rcg1 Rf2+ ({Black should play} 41... Rcf8 $14) 42. Be2 $1 $16 Rf6 (42... b6 $14) 43. Rg5 Rd8 44. Bh5 Kh6 45. Re5 $1 b6 46. Be2+ Kg7 47. Re7+ Bf7 48. cxb6 Rxb6 {[#]} 49. Ra7 $1 e3+ {[%mdl 64] Decoy} 50. Kxe3 {Strongly threatening Rf1.} Rxb3+ 51. Bd3 Re8+ 52. Kd2 Rb2+ 53. Kc3 Rf2 54. Rh7+ Kg8 {[#]} 55. Rh3 $1 ({Much worse is} 55. Rxa5 Rf3 $11) 55... Rc8+ 56. Kb3 Rf4 57. Rg3+ Kf8 $1 58. Bb5 Be6 59. Rc3 {Black must now prevent Rxc8+.} Rb8 60. Rc6 Bg4 61. Rh6 {[%cal Rh6h8]} Kg8 62. Rg6+ Kf8 63. Rh6 {[%cal Rh6h8]} Kg8 64. Kc3 Rf3+ 65. Kd2 {aiming for Rg6+.} (65. Kb2 $5 {[%cal Rh6g6]} Rf2+ 66. Kc3 Rf3+ 67. Kd2 Rf2+ 68. Ke1 $14) 65... Rf2+ 66. Ke3 Rf3+ (66... Rbf8 $5 67. Rg6+ $8 {[%mdl 64] Double Attack} Kh8 68. Rh6+ Kg8 69. Rg6+ {[%mdl 64] Double Attack} Kh8 70. Rh6+ Kg8 $11) 67. Kd2 {Hoping for Rg6+.} Rf2+ 68. Ke1 Rf4 69. Rg6+ Kh8 70. Rh6+ Kg8 71. Rg6+ Kh8 72. Rh6+ {Accuracy: White = 73%, Black = 70%.} 1/2-1/2

[Event "Turkish Super League 2019"]
[Site "Konya"]
[Date "2019.07.21"]
[Round "6"]
[White "Abasov, Nijat"]
[Black "Moiseenko, Vadim"]
[Result "1-0"]
[WhiteElo "2641"]
[BlackElo "2523"]
[Annotator "ChessBase"]
[PlyCount "122"]
[EventDate "2019.07.17"]
[EventType "team-tourn"]
[EventCountry "TUR"]
[SourceTitle "playchess.com"]
[Source "ChessBase"]
[SourceQuality "1"]
[TimeControl "40/5400+30:1800+30"]

1. e4 e5 2. Nf3 Nf6 3. Nxe5 d6 4. Nf3 Nxe4 5. c4 d5 6. Nc3 Be6 7. cxd5 Nxc3 8. dxc3 Qxd5 9. Bd3 Nd7 10. O-O Nc5 11. Bc2 Qxd1 12. Rxd1 Bd6 13. Nd4 O-O-O 14. b4 Nd7 15. Nxe6 fxe6 16. Re1 Be5 17. Bb2 Bf6 18. Rxe6 Ne5 19. Bf5 Kb8 20. Re1 a5 21. bxa5 Nd3 22. Bxd3 Rxd3 23. a6 b6 24. Rc6 Rhd8 25. Kf1 R3d6 26. Rc4 Rd2 27. Bc1 Rxa2 28. Bf4 Rd7 29. Bxc7+ Ka7 30. Rb1 b5 31. Rc5 b4 32. Rc6 Bxc3 33. Bd6 Bd4 34. Rd1 Rxf2+ 35. Ke1 Rc2 36. Bb8+ Kxb8 37. Rxc2 b3 38. Rc4 b2 39. Rb4+ Ka7 40. Rd3 {[%emt 1:19:00]} Re7+ {[%emt 1:18:00]} 41. Kd2 {[%emt 0:30:30]} Bf6 {[%emt 0:30:30]} 42. Rdb3 {[%emt 0:00:30]} Rd7+ {[%emt 0:05:30]} 43. Ke3 {[%emt 0:00:30]} Rd8 {[%emt 0:01:30]} 44. g3 {[%emt 0:06:30]} Re8+ {[%emt 0:00:30]} 45. Kd3 {[%emt 0:00:30]} Rd8+ {[%emt 0:00:30]} 46. Ke4 {[%emt 0:00:30]} Re8+ {[%emt 0:05:30]} 47. Kf3 {[%emt 0:03:30]} Be5 {[%emt 0:03:10]} 48. Rb6 {[%emt 0:02:30]} Rf8+ {[%emt 0:05:10]} 49. Ke4 {[%emt 0:00:30]} Bf6 {[%emt 0:00:19]} 50. Rc6 {[%emt 0:03:03]} Rf7 {[%emt 0:01:33]} 51. Kd5 {[%emt 0:00:53]} Rd7+ {[%emt 0:00:56]} 52. Ke6 {[%emt 0:00:16]} Re7+ {[%emt 0:00:08]} 53. Kd6 {[%emt 0:00:02]} Rf7 {[%emt 0:00:00]} 54. Rcb6 {[%emt 0:01:38]} Rf8 {[%emt 0:01:26]} 55. Kd7 {[%emt 0:00:58]} Be5 {[%emt 0:03:36]} 56. Rb7+ {[%emt 0:01:46]} Ka8 {[%emt 0:01:56]} 57. Re3 {[%emt 0:04:01]} Rf7+ {[%emt 0:01:17]} 58. Ke6 {[%emt 0:00:23]} Rf1 {[%emt 0:03:06]} 59. Rxe5 {[%emt 0:01:09]} b1=Q {[%emt 0:00:32]} 60. Rxb1 {[%emt 0:00:30]} Rxb1 {[%emt 0:00:30]} 61. Kf7 {[%emt 0:00:00]} Rb2 {[%emt 0:00:00]} 1-0

[Event "Turkish Super League 2019"]
[Site "Konya"]
[Date "2019.07.21"]
[Round "6"]
[White "Kravtsiv, Martyn"]
[Black "Visakh N R"]
[Result "1-0"]
[WhiteElo "2628"]
[BlackElo "2526"]
[Annotator "ChessBase"]
[PlyCount "143"]
[EventDate "2019.07.17"]
[EventType "team-tourn"]
[EventCountry "TUR"]
[SourceTitle "playchess.com"]
[Source "ChessBase"]
[SourceQuality "1"]
[TimeControl "40/5400+30:1800+30"]

1. d4 Nf6 2. Bf4 d5 3. e3 e6 4. Nf3 c5 5. Nbd2 Nc6 6. c3 Bd6 7. Bg3 Bxg3 8. hxg3 Qd6 9. Bb5 Bd7 10. Bxc6 Bxc6 11. Ne5 cxd4 12. exd4 Qc7 13. Qe2 O-O-O 14. O-O Kb8 15. Rfc1 Be8 16. a4 Rc8 17. c4 dxc4 18. Nexc4 h5 19. Nb3 h4 20. Nb6 Bc6 21. Nxc8 hxg3 22. fxg3 Rxc8 23. Qe3 Ne4 24. Nc5 Nxg3 25. Rc3 Nf5 26. Qe5 Ka8 27. Qxc7 Rxc7 28. Rd1 Rc8 29. b4 Bd5 30. Ne4 Rf8 31. Nc5 Rc8 32. Ne4 Rf8 33. Ng3 g6 34. Nxf5 gxf5 35. Rdc1 Kb8 36. b5 a6 37. bxa6 bxa6 38. g3 Rd8 39. Rb1+ Bb7 40. Rc4 {[%emt 1:18:00]} Rd7 {[%emt 1:18:00]} 41. Rb6 {[%emt 0:32:30]} Ka7 {[%emt 0:30:30]} 42. a5 {[%emt 0:00:30]} Bd5 {[%emt 0:08:30]} 43. Rc5 {[%emt 0:02:30]} Be4 {[%emt 0:03:30]} 44. Kf2 {[%emt 0:00:30]} Bd5 {[%emt 0:00:30]} 45. Ke3 {[%emt 0:01:30]} Bb7 {[%emt 0:01:58]} 46. Rc4 {[%emt 0:01:30]} f6 {[%emt 0:01:52]} 47. Rc5 {[%emt 0:02:30]} Re7 {[%emt 0:01:01]} 48. Rd6 {[%emt 0:02:30]} Bd5 {[%emt 0:00:43]} 49. Rc8 {[%emt 0:05:38]} Rg7 {[%emt 0:00:44]} 50. Kf2 {[%emt 0:00:14]} Rf7 {[%emt 0:00:08]} 51. Rcd8 {[%emt 0:01:58]} Rb7 {[%emt 0:00:54]} 52. Rf8 {[%emt 0:00:44]} Rb2+ {[%emt 0:02:33]} 53. Ke1 {[%emt 0:00:21]} Rb1+ {[%emt 0:00:24]} 54. Kd2 {[%emt 0:00:08]} Rb2+ {[%emt 0:01:46]} 55. Kc1 {[%emt 0:01:18]} Rb5 {[%emt 0:00:42]} 56. Rxf6 {[%emt 0:07:10]} Rxa5 {[%emt 0:00:08]} 57. Rf7+ {[%emt 0:00:04]} Bb7 {[%emt 0:00:04]} 58. Rxe6 {[%emt 0:00:00]} Rb5 {[%emt 0:00:18]} 59. Kc2 {[%emt 0:01:08]} Rb4 {[%emt 0:00:41]} 60. Kc3 {[%emt 0:00:37]} Rb5 {[%emt 0:00:23]} 61. Ree7 {[%emt 0:01:44]} Kb8 {[%emt 0:00:22]} 62. Re8+ {[%emt 0:01:05]} Ka7 {[%emt 0:00:02]} 63. Re5 {[%emt 0:00:00]} Rb6 {[%emt 0:00:04]} 64. Rfxf5 {[%emt 0:00:50]} Rc6+ {[%emt 0:00:08]} 65. Rc5 {[%emt 0:00:00]} Rg6 {[%emt 0:00:31]} 66. Rg5 {[%emt 0:00:00]} Rf6 {[%emt 0:00:00]} 67. g4 {[%emt 0:01:41]} Kb6 {[%emt 0:00:07]} 68. Rgf5 {[%emt 0:00:15]} Re6 {[%emt 0:00:06]} 69. g5 {[%emt 0:00:19]} Re3+ {[%emt 0:00:05]} 70. Kd2 {[%emt 0:00:39]} Rg3 {[%emt 0:00:04]} 71. Rf6+ {[%emt 0:00:19]} Ka7 {[%emt 0:00:03]} 72. g6 {[%emt 0:00:05]} 1-0